Vodohospodárske stavby

Na minha lista:
Detalhes bibliográficos
Autor principal: Štěrba, Stanislav (Author)
Formato: Livro
Idioma:eslovaco
Publicado em: Bratislava : SVŠT v Bratislave, 1977
Tags: Adicionar Tag
Sem tags, seja o primeiro a adicionar uma tag!

MARC

LEADER 00000nam a22000003a 4500
001 stu91503
005 20150617225621.2
008 041111s1977----cs------------------slo-d
040 |a STU  |b slo 
041 0 |a slo 
044 |a cs 
080 |a 626/627(075.8) 
100 1 |a Štěrba, Stanislav  |4 aut 
245 1 |a Vodohospodárske stavby 
260 |a Bratislava :  |b SVŠT v Bratislave,  |c 1977 
300 |a 286 s 
996 |b 284V025043  |c V*2289/S-77  |l VVS  |s A  |a 24  |w stu91503_0001 
996 |b 284V025044  |c V*2290/S-77  |l VVS  |s A  |a 24  |w stu91503_0002 
996 |b 284V024291  |c V*2111/S-77  |l VVT  |s A  |a 24  |w stu91503_0003